00531nam a22001697a 450000500170000001000170001702000260003403500170006003700170007708200080009410000230010224501090012526000340023427000600026830000200032850000130034820180404100342.0 aB-690818-819 c250.00a9788184303032 aB-690818-819 bOcean Books  a921 aFranklin, Benjamin aThe autobiography of Benjamin Franklin / cby Benjamin Franklin ; introductory note by Charles W. Eliot aNew DelhibOcean Books c2014 a4/19 Asaf Ali Road, New Delhi-110002bNew Delhie110002 a176p.c22cm(hb) aBalidani